000 00233nam a22001097a 4500
082 _a923.1 SUL'M
100 _aSULERI, Z. A
_9437
245 _aMY LEADER
260 _aLAHORE
_bDAILY NAWA-I-WAQT
_c1960
300 _a119P
942 _cBK
999 _c584409
_d584409